Výhody a nevýhody zmeniek v hospodárskom živote

Bibliographic Details
Main Author: Makarová, Margita (Author)
Format: Article
Language:Slovak
ISSN:1335-0684
Subjects:

MARC

LEADER 00000nab a2200000 a 4500
001 vtls000673585
003 SK-MaSNL
005 20260302190743.0
008 180205c1998 xo 0 slo
015 |a SNBRB1998/11-24030 
035 |a CLN000025761 
040 |a SNKBUCL  |b slo  |c SNKBUCL  |e AACR2 
041 0 |a slo 
044 |a xo  |c SK 
080 |a 336.777  |2 UDC-MRF-SK2 
100 1 |a Makarová, Margita  |4 aut  |9 11643 
245 1 0 |a Výhody a nevýhody zmeniek v hospodárskom živote  |c Margita Makarová 
650 0 7 |a zmenky  |2 snkbucl  |9 1543 
655 7 |a články z novín a časopisov  |2 snkbucl  |9 267496 
773 0 |x 1335-0684  |t Trend  |g Roč. 8, č. 46 (1998), s. 18A 
850 |a Slovenská národná knižnica v Martine 
852 |a SNK  |b KIS3GCP 
958 |a RBX 
999 |c 1434718  |d 1436648